[Event "El Ksiba op"]
[Site "El Ksiba"]
[Date "2019.04.11"]
[Round "6"]
[White "Touzane, Olivier"]
[Black "Ouaziz, Ismail"]
[Result "1-0"]
[WhiteElo "2275"]
[BlackElo "2011"]
[PlyCount "71"]
[EventDate "2019.04.08"]
[EventType "swiss"]
[EventRounds "9"]
[EventCountry "MAR"]
[SourceTitle "CBM 189 Extra"]
[Source "ChessBase"]
[SourceDate "2019.06.03"]
[SourceVersion "1"]
[SourceVersionDate "2019.06.03"]
[SourceQuality "1"]

1. d4 Nf6 2. Bf4 d6 3. Nc3 g6 4. Qd2 c6 5. a4 Bf5 6. f3 d5 7. g4 Bc8 8. Bh6 Qb6 9. Bxf8 Rxf8 10. b3 Nbd7 11. g5 Ng8 12. e4 dxe4 13. fxe4 e5 14. Nf3 f6 15. 0-0-0 exd4 16. Nxd4 Nc5 17. Bc4 Bg4 18. Nde2 Rd8 19. Qf4 Be6 20. Rxd8+ Qxd8 21. Rd1 Qe7 22. Bxe6 Nxe6 23. Qb8+ Kf7 24. Qxa7 Nxg5 25. a5 Kg7 26. Kb2 Rf7 27. Rd4 Nf3 28. Rd3 Ne5 29. Rd4 Nf3 30. Rc4 Ne5 31. Ra4 b5 32. axb6 Qd8 33. b7 Nd7 34. Nd4 Nc5 35. Qxc5 Rxb7 36. Ne6+ 1-0